00468nam a22001457a 4500999001900000040000800019082001300027100002600040245009600066250001600162260002700178300001200205942001200217952009300229 c533731d533731 cdlc a515bSAF aEdward B. Saff927694 aFundamentals of Complex Analysis with Applications to Engineering, Science, and Mathematics a3rd edition aIndiabPearson cc2013 a518;pxv 2ddccBK 00102ddc4070aNITbNITd2020-01-17l0o515 SAFpNIT-13066r2020-01-17w2020-01-17yBK